| 000 | 00588nam a2200193 a 4500 | ||
|---|---|---|---|
| 001 | 23826 | ||
| 003 | CO-ViMGA | ||
| 008 | 141112s2004 ck r 000 u spa d | ||
| 020 | _a9789588572055 | ||
| 040 |
_aCO-ViMGA _bspa _cCO-ViMGA |
||
| 082 | 0 | 4 | _a617.75 C151t |
| 100 | 1 |
_aCamacho Montoya , Marcela _934508 |
|
| 245 | 1 | 0 |
_aTerapia y entretenimiento visual : _buna vision integral / _cMarcela Camach Montoya |
| 260 |
_aColombia : _bUniversidad de la salle |
||
| 300 | _a165p. | ||
| 650 | 1 | 4 |
_aENTRENAMIENTO VISUAL _934509 |
| 650 | 1 | 4 |
_aTRANSTORNOS DE LA VISION _934510 |
| 942 |
_2ddc _cBK |
||
| 999 |
_c31907 _d31907 |
||